| 000 | 00623nam a2200253 a 4500 | ||
|---|---|---|---|
| 003 | AR-BaBNM | ||
| 005 | 20251128210809.0 | ||
| 008 | 082120s2002 ||||||||||||||000 | spa|| | ||
| 020 | _a84-8310-656-6 | ||
| 040 | _cAR-BaBNM | ||
| 100 | 1 | _aLowry, Malcolm | |
| 245 | 0 | 0 | _aBajo el volcán |
| 250 | _a1ª ed. | ||
| 260 |
_aBarcelona _bTusquets Editores _c1999 |
||
| 300 | _a415 p. | ||
| 490 | 0 |
_aFábula _vv. 128 |
|
| 650 | 4 | _aLITERATURA INGLESA | |
| 650 | 4 | _aNOVELAS | |
| 650 | 4 | _aLITERATURA CONTEMPORANEA | |
| 655 | _aLITERATURA | ||
| 700 | 1 |
_aOrtiz y Ortiz, Raúl _etraductor |
|
| 942 | _cBK | ||
| 998 | _cMARTIN | ||
| 999 |
_c16958 _d16958 |
||